000
00320nam a2200133Ia 4500
001
10584
003
GE_BSU
008
181216s||||||||xx |||||||||||||| ||und||
040
_c
GE_BSU
100
_a
Clarke,Simon
245
_a
In company pre-intermediate:TEACHER'S BOOK
653
_a
In company pre-intermediate.
942
_c
BK
999
_c
43836
_d
43836